Statistics for First Names of Historical Figures

Click here to take the quiz!

General Stats

  • This quiz has been taken 132,741 times
    (84,817 since last reset)
  • The average score is 22 of 30

Answer Stats

First Name Last Name % Correct
GeorgeWashington
99%
AbrahamLincoln
98%
WinstonChurchill
98%
Leonardoda Vinci
96%
AdolfHitler
96%
AlbertEinstein
95%
NelsonMandela
95%
WilliamShakespeare
95%
CharlesDarwin
92%
ChristopherColumbus
92%
ThomasEdison
92%
MargaretThatcher
91%
NapoleonBonaparte
91%
JosephStalin
89%
IsaacNewton
88%
Ludwigvan Beethoven
82%
AnneBoleyn
69%
VictorHugo
68%
BenitoMussolini
67%
WolfgangMozart
66%
VladimirLenin
65%
SimónBolivar
57%
AlexandreDumas
52%
UlyssesGrant
50%
RenéDescartes
47%
MohandasGandhi
38%
BenjaminDisraeli
38%
IndiraGandhi
34%
NiccolòMachiavelli
28%
Hernandode Soto
12%

Score Distribution

Percentile by Number Answered

Percent of People with Each Score

Your Score History

You have not taken this quiz since the last reset